Energy law and policy (Record no. 415111)

000 -LEADER
fixed length control field 00580cam a22001697a 4500
008 - FIXED-LENGTH DATA ELEMENTS--GENERAL INFORMATION
fixed length control field 180718b2009 xxu||||| |||| 00| 0 eng d
020 ## - INTERNATIONAL STANDARD BOOK NUMBER
International Standard Book Number 9788182743496
082 ## - DEWEY DECIMAL CLASSIFICATION NUMBER
Classification number V50x73 D642
245 ## - TITLE STATEMENT
Title Energy law and policy
Statement of responsibility, etc. edited by Parag Diwan and A.C. Kher
260 ## - PUBLICATION, DISTRIBUTION, ETC.
Place of publication, distribution, etc. New Delhi
Name of publisher, distributor, etc. Pentagon Energy Press
Date of publication, distribution, etc. 2009
300 ## - PHYSICAL DESCRIPTION
Extent 233p.
650 ## - SUBJECT ADDED ENTRY--TOPICAL TERM
Topical term or geographic name entry element Energy policy --United States.
650 ## - SUBJECT ADDED ENTRY--TOPICAL TERM
Topical term or geographic name entry element Power resources --Law and legislation --United States --Decision making
650 ## - SUBJECT ADDED ENTRY--TOPICAL TERM
Topical term or geographic name entry element Power resources --Law and legislation --United States
700 ## - ADDED ENTRY--PERSONAL NAME
Personal name Kher, A.C.
700 ## - ADDED ENTRY--PERSONAL NAME
Personal name Diwan, Parag
Holdings
Withdrawn status Lost status Damaged status Not for loan Permanent Location Current Location Date acquired Full call number Barcode Date last seen Price effective from Koha item type
        Indian Institute of Public Administration Indian Institute of Public Administration 2009-03-12 V50x73 D642 82994 2018-07-21 2018-07-21 Book

Powered by Koha